000 00347nam a2200121Ia 4500
008 231129s9999||||xx |||||||||||||| ||spa||
020 _a84-286-0556-4
082 _a923.5 B783H
100 _aHerrera Luque Francisco
245 0 _aBoves: El Urogallo
264 _aBarcelona EspaƱa : Pomaire
942 _2ddc
_cBKS
999 _c6311
_d6311